Catálogo

LAS MEJORES PRACTICAS DE GOBIERNO CORPORATIVO : (Registro nro. 56216)

Detalles MARC
000 -LEADER
fixed length control field 01010nam a2200205 a 4500
001 - CONTROL NUMBER
control field 56216
005 - DATE AND TIME OF LATEST TRANSACTION
control field 20180714051856.0
008 - FIXED-LENGTH DATA ELEMENTS--GENERAL INFORMATION
fixed length control field 140415s2007 mx 000 0 spa d
020 ## - INTERNATIONAL STANDARD BOOK NUMBER
International Standard Book Number 9683816398
041 ## - LANGUAGE CODE
Language code of text/sound track or separate title spa
082 ## - DEWEY DECIMAL CLASSIFICATION NUMBER
Classification number 658.4063
Item number DAV
100 1# - MAIN ENTRY--PERSONAL NAME
Personal name DAVIES , ADRIAN
245 14 - TITLE STATEMENT
Title LAS MEJORES PRACTICAS DE GOBIERNO CORPORATIVO :
Remainder of title REPUTACION Y EXITO SOSTENIDOS
250 ## - EDITION STATEMENT
Edition statement 1a ed.
260 ## - PUBLICATION, DISTRIBUTION, ETC.
Place of publication, distribution, etc. MEXICO :
Name of publisher, distributor, etc. PANORAMA EDITORIAL,
Date of publication, distribution, etc. 2007
300 ## - PHYSICAL DESCRIPTION
Extent 368
Dimensions 15.5 x 1.3 x 22
490 ## - SERIES STATEMENT
Series statement ARTES ESCENICAS ALBA
520 ## - SUMMARY, ETC.
Summary, etc. EN LAS MEJORES PRACTICAS DE GOBIERNO CORPORATIVO, EL AUTOR PRODUNDIZA MAS Y EXPLORA LOS ASTPECOS OPERATIVOS QUE RODEAN AL GOBIERNO CORPORATIVO, PROPORCIONANDO EJEMPLOS DE BUENAS PRACTICAS. ES UN TEXTO DE TIPO COMO HACERLO, CENTRANDO EN LOS PROCESOS Y SUS ASPECTOS PRACTICOS, RELACIONANDO EL GOBIERNO CORPORATIVO CON LOS BENEFICIOS TANGIBLES DEL NEGOCIO Y LA VENTAJA COMPETITIVA
650 14 - SUBJECT ADDED ENTRY--TOPICAL TERM
Topical term or geographic name entry element EMPRESAS
General subdivision ADMINISTRACION
-- LIDERAZGO
-- PROCESO ADMINISTRATIVO
-- DIRECCION
Existencias
Withdrawn status Lost status Source of classification or shelving scheme Damaged status Not for loan Collection code Home library Current library Shelving location Date acquired Source of acquisition Inventory number Total Checkouts Full call number Barcode Date last seen Date last checked out Price effective from Koha item type
    Dewey Decimal Classification     General Biblioteca Karol Wojtyla Biblioteca Karol Wojtyla Sala general 03/12/2013 Compra 151000000000000000013967 2 658.4063 DAV 84761 05/01/2026 04/11/2024 03/12/2013 Libro
    Dewey Decimal Classification     General Biblioteca Karol Wojtyla Biblioteca Karol Wojtyla Sala general 03/12/2013 Compra 151000000000000000013966   658.4063 DAV 84760 05/01/2026   03/12/2013 Libro